Loading...
| Literature - World | 0 | 8 | 0 | 0 | 80 | 40 | 89.38 | 0 | 4 | 0.00 | 0.00 |
| Mythology | 0 | 7 | 1 | 1 | 65 | 33 | 78.00 | 1 | 2 | 0.00 | 0.00 |
| History - World | 0 | 6 | 0 | 3 | 60 | 72 | 96.17 | 0 | 3 | 0.00 | 0.00 |
| History - European | 0 | 6 | 0 | 3 | 60 | 44 | 99.50 | 1 | 1 | 0.00 | 0.00 |
| Literature - European | 0 | 6 | 1 | 1 | 55 | 82 | 107.83 | 0 | 3 | 0.00 | 0.00 |
| Science - Physics | 0 | 5 | 2 | 1 | 40 | 83 | 97.20 | 0 | 0 | 0.00 | 0.00 |
| History - American | 0 | 4 | 0 | 1 | 40 | 79 | 105.75 | 0 | 0 | 0.00 | 0.00 |
| History - Other | 0 | 4 | 0 | 0 | 40 | 89 | 102.50 | 0 | 0 | 0.00 | 0.00 |
| Fine Arts - Painting and Sculpture | 0 | 4 | 0 | 0 | 40 | 89 | 97.00 | 0 | 1 | 0.00 | 0.00 |
| Literature - British | 0 | 4 | 1 | 0 | 35 | 41 | 67.00 | 0 | 2 | 0.00 | 0.00 |
| Religion | 0 | 4 | 1 | 0 | 35 | 39 | 83.50 | 2 | 2 | 0.00 | 0.00 |
| Philosophy | 0 | 3 | 0 | 2 | 30 | 84 | 107.67 | 0 | 0 | 0.00 | 0.00 |
| Science - Chemistry | 0 | 2 | 0 | 1 | 20 | 28 | 66.50 | 0 | 1 | 0.00 | 0.00 |
| Social Science | 0 | 1 | 0 | 0 | 10 | 68 | 68.00 | 0 | 1 | 0.00 | 0.00 |
| Geography | 0 | 1 | 0 | 0 | 10 | 94 | 94.00 | 0 | 0 | 0.00 | 0.00 |
| Literature - American | 0 | 2 | 2 | 0 | 10 | 62 | 71.00 | 0 | 1 | 0.00 | 0.00 |
| Fine Arts - Other | 0 | 1 | 0 | 0 | 10 | 97 | 97.00 | 0 | 0 | 0.00 | 0.00 |
| Science - Other | 0 | 2 | 3 | 1 | 5 | 48 | 77.00 | 0 | 1 | 0.00 | 0.00 |
| Popular Culture | 0 | 0 | 1 | 0 | -5 | 0.00 | 0 | 0 | 0.00 | 0.00 | |
| Science - Biology | 0 | 0 | 2 | 0 | -10 | 0.00 | 0 | 0 | 0.00 | 0.00 |